000 00344nam a2200133Ia 4500
008 150201s2014 xx 000 0 und d
082 _a612
_bP2012Y
100 _aYADAV ,JYOTI
245 _aTEXT BOOK OF PHYSIOLOGYFOR DENTAL STUDENTS
250 _a1ST
260 _bJAYPEE BROTHERS MEDICAL PUBLISHERS
650 _aPHYSIOLOGY
942 _2ddc
_cBK
999 _c4900
_d4900